Statistiques concernant MC's des Rap Contenders (RC1 à RC16)

Cliquez ici pour prendre le quiz!

Statistiques générales

  • Ce quiz a été pris 172 fois
  • Le résultat moyen est 35 sur 82

Statistiques - réponses

Edition d'arrivéeMC% Correct
RC2Wojtek
96%
RC1Nekfeu
94%
RC2Jazzy Bazz
90%
RC1Alpha Wann
86%
RC2Gaiden
86%
RC1Lunik
81%
RC1Deen Burbigo
79%
RC7Hermano Salvatore
78%
RC6Louvar
75%
RC7Aladoum
71%
RC10Saminem
71%
RC1Blackapar
69%
RC11K5
69%
RC4Dinos
68%
RC92taf
67%
RC6Maadou
67%
RC7Lamanif
65%
RC1Dony S
64%
RC3Lawid
64%
RC5Marshall'Ombre
63%
RC11Parano
63%
RC14Andra
58%
RC10Aparzite
57%
RC7Cheef
57%
RC1Eff Gee
57%
RC3Vincenz
57%
RC3Taipan
54%
RC11Bramzo
51%
RC9Marti le Marquis
51%
RC1Pen
51%
RC14Doc Brrown
50%
RC9Freddy Gruesum
50%
RC3Res
49%
RC6Arcanes
47%
RC1Logik Konstantine
47%
RC6Fleyo
46%
RC10Maras
46%
RC11Mo The Fucker
44%
RC3Pand'or
44%
RC4Yoshi
42%
RC5Godié
39%
RC2Srin Po
39%
RC8Tetris
39%
RC14Espiway
35%
RC5St Saoul
35%
RC13BGL
33%
RC2Filigrann
33%
RC8Jeune Chilly Chill
33%
RC6Pasteur H
33%
RC12Chacalcolik
32%
RC16Artik
31%
RC4Mic Orni
31%
RC3Sango
31%
RC1TZN
31%
RC12Arno
29%
RC15Youm
29%
RC5Kard
26%
RC14Slider
26%
RC3Suspek T
26%
RC13Ventouz
25%
RC6Enerku
24%
RC16Oliver Twist
22%
RC13Franko Bucci
21%
RC3Krok
21%
RC13Monk.E
21%
RC16Vrock
21%
RC5Crescendo
19%
RC6Obia le Chef
19%
RC14Parka One
19%
RC13Benji
18%
RC6Joe Natt
18%
RC16Achille Talent
14%
RC4Madmax
14%
RC14Milo Creed
14%
RC9Zomaken
14%
RC9Smoothy
13%
RC9Nelson Barros
8%
RC9Woodman
8%
RC4Eech
7%
RC4Billy Bats
6%
RC8Skilz
6%
RC9Uno Lavoz
3%

Distribution des résultats

Percentile par nombre de réponses

% des personnes avec chaque résultat

Votre développement - résultats

Vous n’avez pas pris ce quiz